00433pab a2200145 454500008004000000100002300040245010200063260000900165300001500174362000800189650003400197650001600231700001600247773002400263180718b2011 xxu||||| |||| 00| 0 eng d aSeita, Lalit Kumar aWhy distribution losses are still uncontrollable? A case study of electricity position in Haryana c2011 ap.121-142. aDec aElectricity - India - Haryana aElectricity aSingh, Hawa aMan and Development